Famous Mountains on a Map #1 - Statistics

General Stats
  • This quiz has been taken 535 times
    370 since last reset
  • The average score is 13 of 20
Answers on the Map
Answers color-coded by a green-red scale on the quiz's map according to % correct below.
 
Answer Stats
Mountain % Correct
Mount Everest
96%
K2
90%
Mount Fuji
89%
Mount Kilimanjaro
88%
Mont Blanc
79%
Denali
73%
Mount Olympus
73%
Mount Vesuvius
73%
Mount Etna
72%
Ben Nevis
62%
Table Mountain
62%
Mount Sinai
58%
Mauna Kea
55%
Mount Ararat
55%
Mount Rainier
52%
Uluru
52%
Aconcagua
51%
Mount Rushmore
50%
Krakatoa
44%
Kangchenjunga
22%
No matching quizzes found
Score Distribution
Percent of People with Each Score
Percentile by Number Answered
Your Score History
You have not taken this quiz since the last reset